000 00505nam a2200169 a 4500
001 000039443
005 20201002031643.0
008 130628s1972 sp ac 000 0 spa d
020 _a8433400223
040 _aDO-SdBNP
_bspa
_cBNPHU
100 1 _aVásquez Montalbán, Manuel
_965651
245 1 0 _aJoan Manuel Serrat /
_cManuel Vásquez Montalbán.
260 _aMadrid :
_bEdiciones Júcar,
_c1972.
300 _a236 p. :
_bils., retrs. ;
_c19 cm.
490 1 _aLos Juglares
830 0 _aLos Juglares
_965652
999 _c38933
_d38933